First language attrition : interdisciplinary perspectives on methodological issues /

Saved in:
Bibliographic Details
Corporate Author: International Conference on Language Attrition: Interdisciplinary Perspectives on Methodological Issues Vrije Universiteit Amsterdam)
Other Authors: Schmid, Monika S.
Format: Book
Language:English
Published: Amsterdam ; Philadelphia : John Benjamins Pub., c2004.
Series:Studies in bilingualism ; v. 28.
Subjects:
Tags: Add Tag
No Tags, Be the first to tag this record!
LEADER 01709cam a2200433 a 4500
001 011746913-0
005 20090417054307.0
008 040525s2004 ne a b 101 0 eng
010 |a  2004053124 
016 |a B0416122  |2 bccb 
020 |a 1588115496 
020 |a 9781588115492 
020 |a 9027241392 (Amsterdam : hd. bd.) 
020 |a 9789027241399 (Amsterdam : hd. bd.) 
035 0 |a ocm55510774 
040 |a DLC  |c DLC  |d OCLCQ  |d OHX  |d C#P  |d OCLCQ  |d OCL  |d NLGGC  |d BTCTA  |d LVB  |d YDXCP  |d BAKER  |d UQ1 
050 0 0 |a P40.5.L28  |b I58 2002 
072 7 |a P  |2 lcco 
082 0 0 |a 306.44/6  |2 22 
111 2 |a International Conference on Language Attrition: Interdisciplinary Perspectives on Methodological Issues  |d (2002 :  |c Vrije Universiteit Amsterdam) 
245 1 0 |a First language attrition :  |b interdisciplinary perspectives on methodological issues /  |c edited by Monika S. Schmid ... [et al.]. 
260 |a Amsterdam ;  |a Philadelphia :  |b John Benjamins Pub.,  |c c2004. 
300 |a viii, 377 p. :  |b ill. ;  |c 23 cm. 
490 1 |a Studies in bilingualism,  |x 0928-1533 ;  |v v. 28 
504 |a Includes bibliographical references and indexes. 
650 7 |a Langues en contact.  |2 rasuqam 
650 7 |a Langue d'origine.  |2 rasuqam 
650 7 |a Bilinguisme.  |2 rasuqam 
650 7 |a Assimilation linguistique.  |2 rasuqam 
650 7 |a Acquisition d'une langue seconde.  |2 rasuqam 
650 0 |a Language attrition  |v Congresses. 
650 0 |a Bilingualism  |v Congresses. 
650 1 7 |a Taalverlies.  |2 gtt 
650 6 |a Compétence linguistique  |x Perte  |v Congrès. 
650 6 |a Bilinguisme  |v Congrès. 
700 1 |a Schmid, Monika S. 
830 0 |a Studies in bilingualism ;  |v v. 28.  |x 0928-1533 
988 |a 20081118 
906 |0 DLC